Managing roadway snow and ice control operations / (Record no. 529647)
[ view plain ]
| 000 -LEADER | |
|---|---|
| fixed length control field | 01146cam a2200301 a 4500 |
| 001 - CONTROL NUMBER | |
| control field | 4909055 |
| 003 - CONTROL NUMBER IDENTIFIER | |
| control field | NUST |
| 005 - DATE AND TIME OF LATEST TRANSACTION | |
| control field | 20190930124903.0 |
| 008 - FIXED-LENGTH DATA ELEMENTS--GENERAL INFORMATION | |
| fixed length control field | 941107s1994 dcua b 000 0 eng |
| 010 ## - LIBRARY OF CONGRESS CONTROL NUMBER | |
| LC control number | 94061932 |
| 020 ## - INTERNATIONAL STANDARD BOOK NUMBER | |
| International Standard Book Number | 0309056667 |
| 038 ## - RECORD CONTENT LICENSOR | |
| Staff Name | MSOHAIL |
| 040 ## - CATALOGING SOURCE | |
| Original cataloging agency | DLC |
| Transcribing agency | DLC |
| Modifying agency | DLC |
| 050 00 - LIBRARY OF CONGRESS CALL NUMBER | |
| Classification number | TE220.5 |
| Item number | .K84 1994 |
| 082 00 - DEWEY DECIMAL CLASSIFICATION NUMBER | |
| Classification number | 625.763 |
| Edition number | 20 |
| 100 1# - MAIN ENTRY--PERSONAL NAME | |
| Personal name | Kuemmel, David E. |
| 9 (RLIN) | 22060 |
| 245 00 - TITLE STATEMENT | |
| Title | Managing roadway snow and ice control operations / |
| Statement of responsibility, etc. | David E. Kuemmel. |
| 260 ## - PUBLICATION, DISTRIBUTION, ETC. | |
| Place of publication, distribution, etc. | Washington, D.C. : |
| Name of publisher, distributor, etc. | National Academy Press, |
| Date of publication, distribution, etc. | 1994. |
| 300 ## - PHYSICAL DESCRIPTION | |
| Extent | 56 p. : |
| Other physical details | ill. ; |
| Dimensions | 28 cm. |
| 440 #0 - SERIES STATEMENT/ADDED ENTRY--TITLE | |
| Title | Synthesis of highway practice, |
| International Standard Serial Number | 0547-5570 ; |
| Volume/sequential designation | 207 |
| 9 (RLIN) | 22061 |
| 500 ## - GENERAL NOTE | |
| General note | At head of title: National Cooperative Highway Research Program. |
| 504 ## - BIBLIOGRAPHY, ETC. NOTE | |
| Bibliography, etc. note | Includes bibliographical references (p. 45-47). |
| 650 #0 - SUBJECT ADDED ENTRY--TOPICAL TERM | |
| Topical term or geographic name entry element | Roads |
| General subdivision | Snow and ice control. |
| 9 (RLIN) | 21203 |
| 710 2# - ADDED ENTRY--CORPORATE NAME | |
| Corporate name or jurisdiction name as entry element | National Cooperative Highway Research Program. |
| 9 (RLIN) | 20864 |
| 906 ## - LOCAL DATA ELEMENT F, LDF (RLIN) | |
| a | 7 |
| b | cbc |
| c | orignew |
| d | 2 |
| e | opcn |
| f | 19 |
| g | y-gencatlg |
| 942 ## - ADDED ENTRY ELEMENTS (KOHA) | |
| Source of classification or shelving scheme | |
| Koha item type | Book |
| Withdrawn status | Lost status | Source of classification or shelving scheme | Damaged status | Not for loan | Permanent Location | Current Location | Date acquired | Total Checkouts | Full call number | Barcode | Date last seen | Price effective from | Koha item type |
|---|---|---|---|---|---|---|---|---|---|---|---|---|---|
| School of Civil and Environmental Engineering (SCEE) | School of Civil and Environmental Engineering (SCEE) | 09/30/2019 | 625.763 | NIT-11020 | 09/30/2019 | 09/30/2019 | Book |
